| 000 | 00342cam a2200145ua 4500 | ||
|---|---|---|---|
| 003 | OSt | ||
| 008 | 250108b |||||||| |||| 00| 0 eng d | ||
| 041 | _aeng | ||
| 082 |
_a621.3881 _bFIN/PH |
||
| 100 |
_aFink, Donald G . _96889 |
||
| 245 | _aPhysics of television / | ||
| 300 | _a160 ; . | ||
| 700 | 1 |
_aLutyens, David M . _96890 |
|
| 942 | _cBK | ||
| 999 |
_c10644 _d10644 |
||